Wer lügt? #5 - Statistiken

Allgemein
  • Dieses Quiz wurde 154 mal gespielt
    46 seit der letzten Aktualisierung
  • Das Durchschnittsergebnis liegt bei 6 aus 16
Antwortstatistiken
Frage Antwort % Korrekt
Ich habe weniger Einwohner als Hamburg. Berlin
71%
Ich war bereits Formel-1-Weltmeister. Rubens Barricello
63%
Ich beschreibe einen Würfel. Keil
61%
Ich bin eine Farbe der südafrikanischen Nationalflagge. Orange
59%
Ich grenze an das Karibische Meer. El Salvador
54%
Ich bin größer als der Mars. Merkur
51%
Ich bin ein Buch von Astrid Lindgren. Emil und die drei Zwillinge
49%
Ich war einmal das höchste Gebäude der Welt. Woolworth Building
49%
Ich starb vor meinem 30. Lebensjahr. Bob Marley
44%
Ich bin eine Millionenstadt in Afrika. Bloemfontein
27%
Ich bin ein Film mit Brad Pitt. Gangs of New York
27%
Ich bin eine Sprache in der Wikipedia mit über 100.000 Artikeln. Isländisch
27%
Ich bin ein Mitgliedsstaat der NATO. Irland
24%
Ich war ein Maler des Surrealismus. Henri Matisse
15%
Ich bin ein Roman aus der Millennium-Romanreihe. Vergeltung
15%
Ich bin eine Kombination in Batterien. Zink-Kalium
5%
Keine übereinstimmenden Quizze gefunden
Verteilung der Resultate
Anzahl Personen mit jedem Resultat
Perzentil nach korrekt beantworteten Fragen
Ihre Resultats-Entwicklung
Sie haben dieses Quiz seit der letzten Aktualisierung nicht gespielt